| 000 | 01905nam1a2200325 i 4500 | ||
|---|---|---|---|
| 001 | RU\NLR\BIBL_A\012629888 | ||
| 005 | 20241103090503.0 | ||
| 010 | _a9785799630645 | ||
| 035 | _a(NLR Aleph) 012629888 | ||
| 090 |
_a12663683 _c12663683 |
||
| 100 | _a20211022g20209999u y0rusy50 ca | ||
| 101 | 0 | _arus | |
| 102 | _aRU | ||
| 105 | _a j | ||
| 181 | 0 |
_ai _baxxe |
|
| 182 | 0 | _an | |
| 200 | 1 |
_aДекоративные интерьерные растения _eучебное пособие _eдля студентов вуза, обучающихся по направлениям подготовки 06.03.01, 06.04.01 "Биология", 05.03.06 "Экология и природопользование" _eв двух частях _fА. Ю. Тептина, А. Г. Пауков _gпод общей редакцией А. Ю. Тептиной _gМинистерство науки и высшего образования Российской Федерации, Уральский федеральный университет имени первого Президента России Б. Н. Ельцина, [Институт естественных наук и математики] |
|
| 203 |
_aТекст _bвизуальный _cнепосредственный |
||
| 210 |
_aЕкатеринбург _cИзд-во Уральского университета _d2020 |
||
| 215 | _d24 | ||
| 606 |
_aКомнатные растения _jУчебные издания для высших учебных заведений _9923684 _3RU\NLR\AUTH\66339002 |
||
| 686 | 1 | _aП274-455.5я731 | |
| 700 | 1 |
_aТептина _bА. Ю. _gАнжелика Юрьевна |
|
| 701 | 1 |
_aПауков _bА. Г. _gАлександр Геннадьевич |
|
| 852 |
_aNLR _j2021-7/6381 |
||
| 942 | _cBOOK | ||
| 980 | _aNBR | ||